| 000 | 00815na a2200277 4500 | ||
|---|---|---|---|
| 001 | 23386 | ||
| 003 | MIRAKIL | ||
| 005 | 20181213155030.0 | ||
| 008 | 170920b tu 000 0 | ||
| 020 | _a9780521717328 | ||
| 040 |
_aMilas _btur _cTR-AnCHP |
||
| 041 | _aeng | ||
| 082 |
_a324.2561 _bY28s 2009 |
||
| 090 | _a324.2561 Y28s 2009 | ||
| 100 | _aYavuz, M.Hakan | ||
| 245 |
_aSecularism and Muslim democracy in Turkey _cM. Hakan Yavuz |
||
| 260 |
_aCambridge _b Cambridge University Press _c2009 |
||
| 300 |
_axv, 301 s. _c23 sm. |
||
| 440 |
_aCambridge Middle East studies _v28 |
||
| 504 | _aKaynakça ve dizin var. | ||
| 650 |
_aLaiklik _xTürkiye _y21. yüzyıl |
||
| 650 |
_aİslam ve siyaset _xTürkiye |
||
| 650 |
_aAKP _xTürkiye |
||
| 650 |
_aSiyaset ve yönetim _xTürkiye |
||
| 942 |
_2ddc _cBKS |
||
| 999 |
_c5190 _d5190 |
||